| 000 | 00757 a2200253 4500 | ||
|---|---|---|---|
| 003 | Nust | ||
| 005 | 20170207154010.0 | ||
| 020 | _a0-201-61593-2 | ||
| 040 | _cNust | ||
| 082 | _a005.1068 | ||
| 082 | _a005.1068 | ||
| 100 | 1 | _aLeffingwell, Dean | |
| 245 | 0 | 0 |
_aManaging software requirements-(EBOOK) _ba unified approach / _cDean Leffingwell, Don Widrig |
| 260 |
_aReading, Mass. ; _aHarlow : _bAddison-Wesley, _c1999 |
||
| 300 |
_axxix, 491 s. : _bill. ; _c24 cm |
||
| 440 | 0 | _aAddison-Wesley Object Technology Series, | |
| 650 | 7 |
_aComputer software _xManagement |
|
| 650 | 7 | _aProgramutveckling | |
| 650 | 7 | _aSoftware engineering | |
| 650 | 7 |
_aSoftware engineering _xManagement |
|
| 650 | 7 | _aSystemutveckling | |
| 651 | _aEBOOK | ||
| 700 | 1 | _aWidrig, Don | |
| 942 |
_2ddc _cBK |
||
| 999 |
_c191179 _d191179 |
||